| 000 | 00450nam a2200169Ia 4500 | ||
|---|---|---|---|
| 008 | 210210b1999 xxu||||| |||| 00| 0 eng d | ||
| 020 | _a81 219 0932 5 | ||
| 082 | _a583 PANT | ||
| 100 | _aPANDEY (B P). | ||
| 245 | _aTaxonomy of angiosperms: for university students. Ed 6. | ||
| 250 | _a | ||
| 260 |
_aNew Delhi. _bS. Chand & Co. Ltd. _c1999 |
||
| 300 | _aviii,600 | ||
| 650 | _aTaxonomy Angiosperms | ||
| 690 | _aTaxonomy | ||
| 906 | _a056456 | ||
| 999 |
_c104006 _d104006 |
||